[Event "25th Bosnjaci Open 2020"]
[Site "Bosnjaci"]
[Date "2020.01.04"]
[Round "3.11"]
[White "Matanovic, Nikola"]
[Black "Kovacevic, Blazimir"]
[Result "1/2-1/2"]
[WhiteElo "1933"]
[BlackElo "2451"]
[Annotator "RC"]
[PlyCount "85"]
[EventDate "2020.01.03"]
[EventType "swiss"]
[EventCountry "CRO"]
[SourceTitle "playchess.com"]
[Source "ChessBase"]
[SourceQuality "1"]
[TimeControl "5400+30"]

1. d4 {[%emt 0:00:30]} f5 {[%emt 0:00:30]} 2. e3 {[%emt 0:00:00]} Nf6 {[%emt 0:00:00]} 3. Be2 {[%emt 0:00:00]} d6 {[%emt 0:01:00]} 4. Bh5+ {[%emt 0:00:30]} Nxh5 {[%emt 0:01:30]} 5. Qxh5+ {[%emt 0:00:30]} g6 {[%emt 0:00:30]} 6. Qe2 {[%emt 0:00:30]} Bg7 {[%emt 0:00:30]} 7. b3 {[%emt 0:00:30]} e5 {[%emt 0:03:30]} 8. c3 {[%emt 0:00:30]} O-O {[%emt 0:00:30]} 9. Bb2 {[%emt 0:00:30]} Nd7 {[%emt 0:11:30]} 10. Nd2 {[%emt 0:00:30]} d5 {[%emt 0:02:30]} 11. h4 {[%emt 0:01:30]} f4 {[%emt 0:05:30]} 12. O-O-O {[%emt 0:01:30]} fxe3 {[%emt 0:02:30]} 13. fxe3 {[%emt 0:05:30]} exd4 {[%emt 0:01:30]} 14. exd4 {[%emt 0:01:30]} Nf6 {[%emt 0:00:00]} 15. Ngf3 {[%emt 0:02:30]} Nh5 {[%emt 0:06:00]} 16. Rhe1 {[%emt 0:03:30]} Nf4 {[%emt 0:01:30]} 17. Qf1 {[%emt 0:00:30]} Bf5 {[%emt 0:01:30]} 18. Re3 {[%emt 0:00:30]} Bh6 {[%emt 0:06:30]} 19. Rde1 {[%emt 0:01:30]} Qd6 {[%emt 0:05:30]} 20. Ne5 {[%emt 0:01:30]} Nh5 {[%emt 0:06:30]} 21. Rf3 {[%emt 0:02:30]} Be4 {[%emt 0:02:30]} 22. Nf7 {[%emt 0:00:30]} Rxf7 {[%emt 0:23:40]} 23. Rxf7 {[%emt 0:00:30]} Nf4 {[%emt 0:00:06]} 24. Nxe4 {[%emt 0:02:30]} dxe4 {[%emt 0:00:12]} 25. Rxf4 {[%emt 0:00:30]} Qxf4+ {[%emt 0:00:44]} 26. Qxf4 {[%emt 0:00:30]} Bxf4+ {[%emt 0:00:05]} 27. Kd1 {[%emt 0:00:30]} Re8 {[%emt 0:00:05]} 28. Ba3 {[%emt 0:02:30]} Bg3 {[%emt 0:10:27]} 29. Rh1 {[%emt 0:00:30]} Kg7 {[%emt 0:02:01]} 30. Rh3 {[%emt 0:00:30]} Bf4 {[%emt 0:00:17]} 31. Ke2 {[%emt 0:00:30]} h5 {[%emt 0:03:17]} 32. g3 {[%emt 0:00:30]} Bh6 {[%emt 0:01:31]} 33. g4 {[%emt 0:00:30]} hxg4 {[%emt 0:00:09]} 34. Rg3 {[%emt 0:00:30]} Kf6 {[%emt 0:00:46]} 35. Rxg4 {[%emt 0:00:30]} Kf5 {[%emt 0:00:03]} 36. Rg2 {[%emt 0:00:30]} Bf4 {[%emt 0:00:34]} 37. c4 {[%emt 0:00:30]} Rh8 {[%emt 0:00:14]} 38. Be7 {[%emt 0:00:30]} Rh7 {[%emt 0:02:03]} 39. Bg5 {[%emt 0:01:30]} Bxg5 {[%emt 0:00:43]} 40. Rxg5+ {[%emt 0:00:30]} Kf6 {[%emt 0:00:08]} 41. Rg4 {[%emt 0:02:30]} Kf5 {[%emt 0:00:09]} 42. Rg5+ {[%emt 0:00:30]} Kf6 {[%emt 0:00:04]} 43. Rg4 {[%emt 0:00:30]} 1/2-1/2

[Event "25th Bosnjaci Open 2020"]
[Site "Bosnjaci"]
[Date "2020.01.04"]
[Round "3.12"]
[White "Nikic, Patrick"]
[Black "Muratovic, Efim"]
[Result "0-1"]
[WhiteElo "2076"]
[BlackElo "2394"]
[Annotator "ChessBase"]
[PlyCount "74"]
[EventDate "2020.01.03"]
[EventType "swiss"]
[EventCountry "CRO"]
[SourceTitle "playchess.com"]
[Source "ChessBase"]
[SourceQuality "1"]
[TimeControl "5400+30"]

1. e4 {[%emt 0:00:30]} c5 {[%emt 0:00:30]} 2. Nf3 {[%emt 0:00:30]} d6 {[%emt 0:01:30]} 3. d4 {[%emt 0:00:00]} cxd4 {[%emt 0:00:30]} 4. Nxd4 {[%emt 0:00:00]} Nf6 {[%emt 0:00:00]} 5. Nc3 {[%emt 0:00:30]} a6 {[%emt 0:00:00]} 6. Be3 {[%emt 0:00:30]} e5 {[%emt 0:04:30]} 7. Nb3 {[%emt 0:00:00]} Be6 {[%emt 0:00:30]} 8. f3 {[%emt 0:00:00]} Nbd7 {[%emt 0:02:30]} 9. Qd2 {[%emt 0:03:30]} h5 {[%emt 0:05:30]} 10. O-O-O {[%emt 0:00:30]} Be7 {[%emt 0:00:30]} 11. Kb1 {[%emt 0:01:30]} Qc7 {[%emt 0:05:30]} 12. Nd5 {[%emt 0:14:30]} Bxd5 {[%emt 0:06:30]} 13. exd5 {[%emt 0:00:30]} Nb6 {[%emt 0:07:30]} 14. Qa5 {[%emt 0:11:30]} Rc8 {[%emt 0:03:30]} 15. Bb5+ {[%emt 0:08:30]} axb5 {[%emt 0:08:30]} 16. Qxb6 {[%emt 0:04:30]} Qxc2+ {[%emt 0:00:30]} 17. Ka1 {[%emt 0:00:30]} O-O {[%emt 0:00:30]} 18. Rd2 {[%emt 0:13:30]} Qc4 {[%emt 0:00:30]} 19. Qxb7 {[%emt 0:01:30]} Ra8 {[%emt 0:07:30]} 20. Kb1 {[%emt 0:03:30]} Qa4 {[%emt 0:00:30]} 21. Nc1 {[%emt 0:06:30]} Rfe8 {[%emt 0:07:30]} 22. b3 {[%emt 0:03:30]} Qb4 {[%emt 0:04:30]} 23. Rhd1 {[%emt 0:05:53]} Rab8 {[%emt 0:04:30]} 24. Qa7 {[%emt 0:01:12]} Qh4 {[%emt 0:02:30]} 25. g3 {[%emt 0:01:02]} Qh3 {[%emt 0:00:30]} 26. Kb2 {[%emt 0:04:06]} Qf5 {[%emt 0:01:30]} 27. Rf2 {[%emt 0:03:53]} Nd7 {[%emt 0:13:39]} 28. Qa5 {[%emt 0:05:35]} Bf6 {[%emt 0:00:53]} 29. Qd2 {[%emt 0:00:31]} e4+ {[%emt 0:01:25]} 30. Kb1 {[%emt 0:00:21]} exf3+ {[%emt 0:00:26]} 31. Nd3 {[%emt 0:01:51]} Ne5 {[%emt 0:01:34]} 32. Bf4 {[%emt 0:00:44]} Nc4 {[%emt 0:02:31]} 33. Qb4 {[%emt 0:00:52]} Qxd5 {[%emt 0:03:01]} 34. Kc1 {[%emt 0:02:25]} Rbc8 {[%emt 0:01:57]} 35. Rc2 {[%emt 0:00:01]} Re2 {[%emt 0:01:55]} 36. Nf2 {[%emt 0:02:30]} Rxc2+ {[%emt 0:00:08]} 37. Kxc2 {[%emt 0:00:13]} Na3# {[%emt 0:00:09]} 0-1

[Event "25th Bosnjaci Open 2020"]
[Site "Bosnjaci"]
[Date "2020.01.04"]
[Round "3.13"]
[White "Zufic, Miroslav"]
[Black "Birkic, Josip"]
[Result "1-0"]
[WhiteElo "2375"]
[BlackElo "1996"]
[Annotator "NA"]
[PlyCount "81"]
[EventDate "2020.01.03"]
[EventType "swiss"]
[EventCountry "CRO"]
[SourceTitle "playchess.com"]
[Source "ChessBase"]
[SourceQuality "1"]
[TimeControl "5400+30"]

1. e4 {[%emt 0:00:30]} c6 {[%emt 0:02:30]} 2. d4 {[%emt 0:00:00]} d5 {[%emt 0:00:30]} 3. Nc3 {[%emt 0:00:00]} dxe4 {[%emt 0:00:00]} 4. Nxe4 {[%emt 0:00:00]} Bf5 {[%emt 0:00:00]} 5. Ng3 {[%emt 0:00:00]} Bg6 {[%emt 0:00:00]} 6. h4 {[%emt 0:00:30]} h6 {[%emt 0:00:00]} 7. Nf3 {[%emt 0:00:00]} Nd7 {[%emt 0:00:30]} 8. h5 {[%emt 0:00:00]} Bh7 {[%emt 0:00:00]} 9. Bd3 {[%emt 0:00:30]} Bxd3 {[%emt 0:00:00]} 10. Qxd3 {[%emt 0:00:00]} Qc7 {[%emt 0:00:30]} 11. Bd2 {[%emt 0:00:00]} e6 {[%emt 0:00:30]} 12. O-O-O {[%emt 0:00:30]} Ngf6 {[%emt 0:00:30]} 13. Qe2 {[%emt 0:01:30]} O-O-O {[%emt 0:12:30]} 14. Ne5 {[%emt 0:00:30]} Nxe5 {[%emt 0:00:30]} 15. dxe5 {[%emt 0:00:30]} Nd7 {[%emt 0:05:30]} 16. f4 {[%emt 0:00:00]} Be7 {[%emt 0:02:30]} 17. Ne4 {[%emt 0:04:00]} Nc5 {[%emt 0:01:30]} 18. Kb1 {[%emt 0:08:30]} Nxe4 {[%emt 0:01:30]} 19. Qxe4 {[%emt 0:00:30]} c5 {[%emt 0:01:30]} 20. Be3 {[%emt 0:00:30]} Rxd1+ {[%emt 0:02:30]} 21. Rxd1 {[%emt 0:07:30]} Rd8 {[%emt 0:02:30]} 22. Re1 {[%emt 0:04:30]} Qd7 {[%emt 0:07:30]} 23. c4 {[%emt 0:02:30]} Qa4 {[%emt 0:17:30]} 24. b3 {[%emt 0:02:30]} Qa5 {[%emt 0:01:30]} 25. Bc1 {[%emt 0:01:30]} Bh4 {[%emt 0:02:30]} 26. Rh1 {[%emt 0:02:30]} Bf2 {[%emt 0:00:30]} 27. f5 {[%emt 0:05:30]} Bd4 {[%emt 0:02:30]} 28. Rh3 {[%emt 0:01:30]} Qc7 {[%emt 0:03:30]} 29. Bf4 {[%emt 0:10:30]} Qd7 {[%emt 0:04:30]} 30. g4 {[%emt 0:00:30]} Bf2 {[%emt 0:04:30]} 31. Rh1 {[%emt 0:05:30]} Qd4 {[%emt 0:04:30]} 32. Qf3 {[%emt 0:10:30]} exf5 {[%emt 0:05:13]} 33. gxf5 {[%emt 0:00:30]} Bg1 {[%emt 0:00:39]} 34. f6 {[%emt 0:03:30]} Qd1+ {[%emt 0:04:47]} 35. Qxd1 {[%emt 0:07:30]} Rxd1+ {[%emt 0:00:05]} 36. Kc2 {[%emt 0:00:30]} Ra1 {[%emt 0:01:16]} 37. fxg7 {[%emt 0:00:30]} Rxa2+ {[%emt 0:00:16]} 38. Kd3 {[%emt 0:00:30]} Rg2 {[%emt 0:00:05]} 39. Bxh6 {[%emt 0:00:00]} Bd4 {[%emt 0:04:05]} 40. Ke4 {[%emt 0:02:00]} Kd7 {[%emt 0:01:42]} 41. Kf3 {[%emt 0:00:30]} 1-0

[Event "25th Bosnjaci Open 2020"]
[Site "Bosnjaci"]
[Date "2020.01.04"]
[Round "3.14"]
[White "Takac, Zvonko"]
[Black "Jakovljevic, Vlado"]
[Result "1/2-1/2"]
[WhiteElo "2066"]
[BlackElo "2351"]
[Annotator "TA"]
[PlyCount "102"]
[EventDate "2020.01.03"]
[EventType "swiss"]
[EventCountry "CRO"]
[SourceTitle "playchess.com"]
[Source "ChessBase"]
[SourceQuality "1"]

{[%evp 21,102,-53,-25,-45,-36,-36,0,0,0,0,0,7,12,-26,-27,-29,-8,-10,0,0,0,-23,-8,-18,-8,-26,-31,-112,-100,-219,-221,-214,-222,-210,-177,-195,-134,-114,-116,-160,-162,-208,-190,-162,-62,-73,-50,-71,0,0,0,0,0,0,0,0,0,0,0,0,0,0,0,0,0,0,0,0,0,0,0,0,0,0,0,0,0,0,0,0,0,0,0]} 1. d4 Nf6 2. Nf3 e6 3. c4 c5 4. e3 d5 5. Nc3 a6 6. a3 Nc6 7. dxc5 Bxc5 8. b4 Bd6 9. Bb2 O-O 10. c5 Bc7 11. Be2 e5 12. O-O {D40: Queen's Gambit Declined: Semi-Tarrasch with 5 e3} h6 $146 ({Predecessor:} 12... Re8 13. b5 axb5 14. Nxb5 h6 15. Nd2 Be6 16. Rc1 Rc8 17. f4 d4 18. f5 Bd5 19. exd4 Nxd4 20. Nxd4 exd4 21. Nf3 Bf4 22. Bb5 Bxc1 23. Qxc1 Bxf3 24. Rxf3 Re5 {0-1 (24) Maier,C (2380)-Unzicker,W (2420) Germany 1998}) 13. Qc2 Qe7 14. e4 dxe4 15. Nxe4 Nxe4 16. Qxe4 f5 17. Bc4+ Be6 18. Qc2 Bxc4 19. Qxc4+ Qf7 20. Qxf7+ Kxf7 21. Rfe1 {[%cal Rb2e5]} Rfe8 22. Rad1 Rad8 23. Kf1 e4 $36 {[%mdl 2048] White is under pressure.} 24. Nd2 ({White should try} 24. Nd4 $15 Nxd4 25. Bxd4) 24... Bxh2 $17 25. g3 {[#]} (25. Nc4 $17 {was called for.} Bc7 26. Ke2) 25... e3 $1 $19 {[%mdl 512]} 26. Rxe3 Rxe3 27. fxe3 {Hoping for Kg2.} Bxg3 28. Ke2 {[#]} Be5 (28... g5 $1 $19 29. Rg1 Be5) 29. Bxe5 $17 Nxe5 {[%mdl 4096] Endgame KRN-KRN} 30. a4 g5 31. Rf1 {[#]} Kg6 $1 32. Nb3 Ng4 (32... Re8 $19 33. Na5 Re7) 33. Na5 $1 $15 Rd7 34. Rc1 Ne5 (34... Re7 $17 35. Kd2 Nf6) 35. b5 $11 {The position is equal.} axb5 36. axb5 Kf6 37. c6 bxc6 38. b6 {aiming for b7.} Rd8 39. Nxc6 Nxc6 40. Rxc6+ {KR-KR} Ke5 41. Rxh6 Ra8 42. Kd3 (42. b7 {looks sharper.} Rb8 43. Rb6 f4 44. Rb1 fxe3 45. Kf3) 42... Ra1 43. Kc2 {b7 is the strong threat.} Ra5 44. Kc3 Rb5 45. Kc4 Rb1 46. Kc5 g4 47. Kc6 Ke4 48. Re6+ Kf3 49. Re5 g3 {White must now prevent ...Kg4.} 50. Rxf5+ Kxe3 51. Rg5 Kf2 {Accuracy: White = 61%, Black = 61%.} 1/2-1/2

[Event "25th Bosnjaci Open 2020"]
[Site "Bosnjaci"]
[Date "2020.01.05"]
[Round "4.1"]
[White "Zovko, Mario"]
[Black "Zaja, Ivan"]
[Result "0-1"]
[WhiteElo "2330"]
[BlackElo "2447"]
[Annotator "RC"]
[PlyCount "82"]
[EventDate "2020.01.03"]
[EventType "swiss"]
[EventCountry "CRO"]
[SourceTitle "playchess.com"]
[Source "ChessBase"]
[SourceQuality "1"]
[TimeControl "5400+30"]

1. e4 {[%emt 0:00:30]} b6 {[%emt 0:00:30]} 2. d4 {[%emt 0:00:00]} Bb7 {[%emt 0:00:00]} 3. Bd3 {[%emt 0:00:00]} e6 {[%emt 0:00:00]} 4. Qe2 {[%emt 0:00:00]} Nf6 {[%emt 0:00:30]} 5. Nf3 {[%emt 0:00:00]} d5 {[%emt 0:00:00]} 6. Bg5 {[%emt 0:10:30]} dxe4 {[%emt 0:06:00]} 7. Bxe4 {[%emt 0:00:30]} Bxe4 {[%emt 0:00:00]} 8. Bxf6 {[%emt 0:00:30]} Qd5 {[%emt 0:01:00]} 9. Be5 {[%emt 0:03:30]} Bxf3 {[%emt 0:05:30]} 10. gxf3 {[%emt 0:01:30]} Nc6 {[%emt 0:00:30]} 11. c3 {[%emt 0:02:30]} Nxe5 {[%emt 0:05:30]} 12. dxe5 {[%emt 0:01:30]} O-O-O {[%emt 0:03:30]} 13. a4 {[%emt 0:07:30]} g5 {[%emt 0:11:30]} 14. Rg1 {[%emt 0:05:30]} Bg7 {[%emt 0:13:30]} 15. a5 {[%emt 0:14:30]} Qxe5 {[%emt 0:05:30]} 16. axb6 {[%emt 0:00:30]} axb6 {[%emt 0:00:30]} 17. Qxe5 {[%emt 0:00:30]} Bxe5 {[%emt 0:00:30]} 18. Rxg5 {[%emt 0:01:30]} Bxh2 {[%emt 0:01:30]} 19. Rg7 {[%emt 0:03:30]} Kb7 {[%emt 0:10:30]} 20. Ra4 {[%emt 0:01:30]} Rdg8 {[%emt 0:08:30]} 21. Rag4 {[%emt 0:01:30]} Rxg7 {[%emt 0:00:30]} 22. Rxg7 {[%emt 0:00:30]} h5 {[%emt 0:01:30]} 23. Kf1 {[%emt 0:01:30]} h4 {[%emt 0:00:30]} 24. Kg2 {[%emt 0:00:30]} Be5 {[%emt 0:04:41]} 25. Rxf7 {[%emt 0:00:30]} h3+ {[%emt 0:01:06]} 26. Kh1 {[%emt 0:00:00]} Rd8 {[%emt 0:00:42]} 27. f4 {[%emt 0:00:00]} Rd1+ {[%emt 0:00:25]} 28. Kh2 {[%emt 0:00:30]} Bd6 {[%emt 0:00:54]} 29. Na3 {[%emt 0:00:30]} Bxa3 {[%emt 0:04:18]} 30. bxa3 {[%emt 0:00:30]} Rd3 {[%emt 0:00:03]} 31. c4 {[%emt 0:01:30]} Rxa3 {[%emt 0:01:10]} 32. f5 {[%emt 0:00:30]} exf5 {[%emt 0:06:04]} 33. Rxf5 {[%emt 0:00:30]} Rc3 {[%emt 0:00:14]} 34. Rf4 {[%emt 0:01:30]} Kc6 {[%emt 0:00:12]} 35. f3 {[%emt 0:00:30]} Kc5 {[%emt 0:00:17]} 36. Kxh3 {[%emt 0:00:30]} Rxc4 {[%emt 0:00:49]} 37. Rxc4+ {[%emt 0:00:30]} Kxc4 {[%emt 0:00:07]} 38. Kg4 {[%emt 0:00:30]} b5 {[%emt 0:01:38]} 39. f4 {[%emt 0:00:30]} b4 {[%emt 0:00:08]} 40. f5 {[%emt 0:00:00]} Kd5 {[%emt 0:00:15]} 41. Kg5 {[%emt 0:00:00]} b3 {[%emt 0:00:13]} 0-1

[Event "25th Bosnjaci Open 2020"]
[Site "Bosnjaci"]
[Date "2020.01.05"]
[Round "4.2"]
[White "Fercec, Nenad"]
[Black "Rosic, Slavko S"]
[Result "1-0"]
[WhiteElo "2423"]
[BlackElo "2295"]
[Annotator "TA"]
[PlyCount "57"]
[EventDate "2020.01.03"]
[EventType "swiss"]
[EventCountry "CRO"]
[SourceTitle "playchess.com"]
[Source "ChessBase"]
[SourceQuality "1"]

{[%evp 18,57,34,10,53,0,0,8,53,44,106,37,137,80,111,114,109,112,115,89,100,98,249,250,253,250,246,254,365,373,420,417,433,433,418,415,415,413,608,577,1434,1380]} 1. e4 c5 2. Nf3 e6 3. d4 cxd4 4. Nxd4 a6 5. Nc3 Qc7 6. Bd3 Nc6 7. Nxc6 bxc6 8. O-O Nf6 9. Qe2 d5 10. f4 g6 $146 {B46: Sicilian: Taimanov: 5 Nc3 a6} ({Predecessor:} 10... Be7 11. Bd2 O-O 12. Rae1 Bb7 13. Kh1 g6 14. exd5 cxd5 15. f5 gxf5 16. Bxf5 d4 17. Bd3 Qc6 18. Ne4 Nxe4 19. Bxe4 Qxe4 20. Qxe4 Bxe4 21. Rxe4 {0-1 (51) Praggnanandhaa,R (2539)-Chigaev,M (2604) Wijk aan Zee 2019}) 11. exd5 cxd5 12. f5 gxf5 {The position is equal.} 13. Rxf5 {[#]} Be7 (13... Ng4 $1 $14 {[%mdl 512]} 14. Rf4 (14. Qxg4 exf5) 14... Ne5) 14. Rf1 (14. Rf3 $1 $16) 14... d4 (14... Rg8 $14) 15. Bf4 ({White should try} 15. Ne4 Nxe4 16. Bxe4) 15... Qa7 $16 16. Ne4 Nxe4 17. Qxe4 Bb7 18. Qe5 Rg8 19. Rf2 $36 {[%mdl 2048] White is on the roll.} Qb6 $2 (19... Qc5 $16 {is a better defense.}) 20. Bxh7 $18 Rg4 {[#]} 21. h3 $1 {[%cal Rh3g4]} Rh4 22. Bg8 {Bxf7+! is the strong threat.} Kd7 ({Not} 22... Qxb2 $2 {[#]} 23. Bxf7+ $1 {[%mdl 512]} Kxf7 24. Bc1+ Ke8 25. Bxb2 $18) (22... Qc5 {was called for.} 23. Qxc5 (23. Bxf7+ Kxf7 24. Bg5+ Ke8 $18) 23... Bxc5) 23. Bxf7 Rf8 24. Bg3 Re4 {[#]} 25. Bxe6+ $1 {[%mdl 576] Deflection} Qxe6 26. Qc7+ {[%mdl 64] Double Attack} Ke8 {Strongly threatening ...Rxf2.} 27. Rxf8+ ({Don't take} 27. Qxb7 Re1+ 28. Rxe1 Qxe1+ 29. Kh2 Rxf2 $18) 27... Bxf8 (27... Kxf8 $142 28. Rf1+ Kg7) 28. Qxb7 Re2 29. Qa8+ {Accuracy: White = 76%, Black = 26%.} 1-0

[Event "25th Bosnjaci Open 2020"]
[Site "Bosnjaci"]
[Date "2020.01.05"]
[Round "4.3"]
[White "Rogulj, Branko"]
[Black "Matanovic, Luka"]
[Result "1-0"]
[WhiteElo "2386"]
[BlackElo "2256"]
[Annotator "TA"]
[PlyCount "103"]
[EventDate "2020.01.03"]
[EventType "swiss"]
[EventCountry "CRO"]
[SourceTitle "playchess.com"]
[Source "ChessBase"]
[SourceQuality "1"]

{[%evp 16,103,0,0,9,0,0,0,8,-10,2,15,16,10,12,0,-8,-31,-20,-16,-15,-20,0,-1,10,0,0,0,0,0,0,-25,3,0,0,0,19,0,0,0,6,0,0,0,41,14,33,21,33,18,31,0,0,0,18,0,0,0,15,19,85,80,69,68,73,64,67,55,380,379,359,238,584,581,502,535,522,514,2119,2100,2067,1964,1904,1587,1606,1519,1489,517,5610,5568]} 1. e4 e5 2. Nf3 Nc6 3. Bb5 Nf6 4. O-O Nxe4 5. d4 Nd6 6. dxe5 Nxb5 7. a4 Nbd4 8. Nxd4 Nxd4 9. Qxd4 d5 {C67: Ruy Lopez: Berlin Defence: 4 0-0 Nxe4} 10. Rd1 (10. exd6 Qxd6 11. Qe4+ Qe6 12. Qd4 Qd6 13. Qe4+ Qe6 14. Qd4 {½-½ (14) Vallejo Pons,F (2704)-Nakamura,H (2736) Moscow 2019}) 10... Bf5 11. c3 c6 {The position is equal.} 12. Qf4 $146 ({Predecessor:} 12. Nd2 Be7 13. Nf1 O-O 14. Ng3 Bg6 15. a5 Qc8 16. Bf4 Rd8 17. Qe3 {1-0 (38) Rogulj,B (2430)-Van den Doel,E (2485) Germany 1998}) 12... Qc8 13. Be3 Be7 14. Nd2 O-O 15. c4 Be6 16. Qg3 f6 17. cxd5 Bxd5 18. Bd4 Qf5 19. Nf1 Rad8 20. Ne3 Qe6 21. exf6 Bxf6 22. Bxf6 Qxf6 23. b4 Kh8 24. a5 Bb3 25. Ng4 Rxd1+ 26. Rxd1 Qb2 27. Qd6 Kg8 (27... Re8 $5 28. Rf1 $8 Bc4 $11) 28. Qd4 Qe2 29. Rc1 Re8 {( -> ...Qe1+!)} 30. h3 Qe4 31. Qc5 Qf4 32. Qc3 Bf7 33. Re1 Rxe1+ 34. Qxe1 h5 35. Ne3 Qe4 36. Qc3 Bd5 37. f3 Qe6 (37... Qf4 $11) 38. Qd4 $16 ({Much worse is} 38. Nxd5 $6 Qxd5 39. Kf2 Kf7 $11) 38... a6 39. Kf2 Kh7 40. Qf4 Qe7 $1 41. h4 Bf7 $2 {[%mdl 8192] [#]} ({Black should try} 41... g6 $14) 42. Qe4+ $1 $18 Qxe4 43. fxe4 {[%mdl 4096] Endgame KB-KN} Kg6 $2 (43... g6 {is a better chance.} 44. Kg3 Kg7) 44. Nf5 {White is clearly winning.} Kf6 45. Nd6 Bg6 46. Nxb7 Bxe4 (46... Bf7 $142 47. Ke3 Ke5) 47. Nc5 $1 {[%csl LRa6,LRe4][%mdl 64] [#] Double Attack} Ke5 48. Nxa6 c5 49. Nxc5 Bc6 50. g3 Kd5 51. Ke3 (51. a6 $142 {Threatens to win with Nb7.} Ba8 52. a7) 51... Kc4 (51... g6 $142 52. Kd3 Bb5+ 53. Kc3 Kc6) 52. Ne6 {Accuracy: White = 61%, Black = 36%.} 1-0

[Event "25th Bosnjaci Open 2020"]
[Site "Bosnjaci"]
[Date "2020.01.05"]
[Round "4.4"]
[White "Runic, Zoran"]
[Black "Plenkovic, Zdenko"]
[Result "1/2-1/2"]
[WhiteElo "2326"]
[BlackElo "2348"]
[Annotator "TA"]
[PlyCount "137"]
[EventDate "2020.01.03"]
[EventType "swiss"]
[EventCountry "CRO"]
[SourceTitle "playchess.com"]
[Source "ChessBase"]
[SourceQuality "1"]

{[%evp 9,137,5,4,0,0,0,0,0,34,28,47,45,36,30,62,58,60,57,62,59,78,62,70,58,51,64,58,55,70,64,61,57,89,54,54,56,58,56,56,56,67,58,70,66,74,75,74,63,77,55,78,47,74,67,91,87,99,90,88,70,67,56,73,71,99,90,141,141,150,165,153,143,139,123,131,125,135,137,120,149,139,63,116,116,135,134,132,72,72,72,72,72,83,83,83,83,83,83,83,83,83,83,879,435,421,1000,545,4687,3474,1315,2431,2070,564,421,393,393,393,393,535,359,359,334,297,276,264,173,155,130,115,115]} 1. e4 c5 2. Nf3 Nc6 3. b3 Nf6 4. e5 Ng4 (4... Nd5 5. Bb2 e6 6. c4 Nde7 7. g3 d5 8. exd6 Nf5 9. Bg2 Bxd6 10. O-O O-O 11. Na3 e5 12. Nb5 f6 13. d3 Be7 14. a3 Be6 {0-1 (36) Tarasov,A (2348)-Gordievsky,D (2590) Tianjin 2019}) 5. Bb2 Qc7 6. Qe2 {B30: Sicilian: 2...Nc6 3 Bb5, lines without ...g6} f6 7. exf6 Nxf6 8. c4 $146 {The position is equal.} ({Predecessor:} 8. Bxf6 gxf6 9. Nc3 Bg7 10. O-O-O a6 11. Qe3 d6 12. Bc4 {1-0 (26) Splichal,J (2255)-Martinho,F (1995) ICCF email 2009}) 8... e6 9. g3 Be7 10. Bg2 O-O 11. O-O d6 12. d4 cxd4 13. Nxd4 Nxd4 14. Bxd4 e5 15. Bb2 Bg4 16. Qd2 Bd7 17. Nc3 Bc6 18. Rad1 Kh8 19. Nd5 Nxd5 20. Bxd5 Rf5 21. Qe2 Raf8 22. f3 Be8 23. Be4 R5f7 24. Kg2 a6 25. Qd3 Bc6 26. Bd5 Rf5 27. Qe4 h6 28. Bxc6 bxc6 29. Rd3 Qc8 30. Bc1 R5f6 ({Reject} 30... Rh5 31. g4 $16) 31. Bd2 R8f7 32. Re1 Rf5 33. Re2 Kg8 (33... Rh5 $2 34. g4 $18) 34. h3 Bf8 ({Not} 34... Rh5 $2 35. g4 $18) 35. b4 R5f6 36. Be1 Kh8 37. Bf2 Kg8 (37... Qe8 $142) 38. c5 $16 Qb8 {[#]} 39. cxd6 $1 ({Don't play} 39. Qxc6 dxc5 40. Qe4 cxb4 $11) 39... Bxd6 40. a3 Qb5 41. Rc2 Bf8 42. Qc4 Qa4 43. Re2 a5 44. Rxe5 axb4 45. Re4 (45. h4 $16) 45... Qb5 (45... c5 $1 $14) 46. Qxb5 cxb5 47. axb4 Rc6 48. Be1 (48. Rd8 $142) 48... Rc2+ 49. Kf1 Rb2 50. h4 Re7 51. Rd5 Rxe4 52. fxe4 Bxb4 {And now ...Rb1 would win.} 53. Rxb5 Bc3 54. Rxb2 Bxb2 {[%mdl 4096] Endgame KB-KB} 55. h5 g6 $2 {[%mdl 8192] [#]} (55... Kf7 $16) 56. g4 $1 $18 gxh5 57. gxh5 Kf7 58. Ke2 (58. Bd2 $142 Bg7 59. Ke2) 58... Ke6 59. Bd2 Bg7 60. Kd3 Bf8 61. Bc3 Be7 62. Kc4 Bf8 63. Bd4 Be7 64. Bg7 Bg5 65. Kc5 Be3+ 66. Kc6 Bg5 67. Kc7 Kf7 68. Be5 Ke6 69. Bd4 {Accuracy: White = 72%, Black = 44%.} 1/2-1/2